Statistics for 名古屋鉄道の特殊勤務駅

Click here to take the quiz!

General Stats

  • This quiz has been taken 19 times
  • The average score is 8 of 12

Answer Stats

駅名窓口発売時間(平日)窓口発売時間(土休日)% Correct
新清洲7:30~10:30終日不在
87%
河和7:30~10:308:00~12:00, 13:00~18:00
80%
布袋7:30~12:00, 13:00~19:30終日不在
80%
柏森7:30~12:00, 13:00~20:007:30~12:00, 13:00~20:00
67%
新可児7:30~12:00, 13:00~19:007:30~12:00, 13:00~19:00
67%
日進7:30~12:00, 13:00~20:307:30~12:00, 13:00~20:30
67%
桜井7:00~20:007:00~20:00
60%
土橋7:30~9:00, 17:00~19:307:30~12:00, 13:00~19:30
60%
碧南中央7:30~12:00, 13:00~19:307:30~12:00, 13:00~19:30
60%
新瀬戸7:30~12:00, 13:00~20:007:30~12:00, 13:00~20:00
53%
徳重・名古屋芸大7:00~19:00終日不在
47%
弥富7:45~19:007:45~19:00
47%

Score Distribution

Percentile by Number Answered

Percent of People with Each Score

Your Score History

You have not taken this quiz